Biblioteca ESET

Educación Permanente de Jóvenes y Adultos : (Registro nro. 260)

Detalles MARC
000 -CABECERA
fixed length control field 00366nam a22001217a 4500
001 - NUMERO DE CONTROL
control field 26206
003 - CONTROL NUMBER IDENTIFIER
control field AR-BeUNQ
005 - FECHA Y HORA DE LA ULTIMA TRANSACCION
control field 20220621151325.0
245 ## - MENCION DE TITULO
Título Educación Permanente de Jóvenes y Adultos :
Otra información sobre el título Marco Normativo.
Mención de responsabilidad, etc Ministerio de Educación de la Nación
Medio físico libro
250 ## - MENCION DE EDICION
Mención de edición 1a.ed.
260 ## - PUBLICACION, DISTRIBUCION, ETC.
Lugar de publicación, distribución, etc. Argentina :
Nombre del editor, distribuidor, etc. Ministerio de Educación de la Nación,
Fecha de publicación, distribución, etc 2015
942 ## - ELEMENTOS DE PUNTO DE ACCESO ADICIONAL (KOHA)
Tipo de ítem Koha Libros
Existencias
Estado de retiro Estado de pérdida No para préstamo Ubicación permanente Ubicación actual Ubicación en estantería Fecha de ingreso Total Checkouts Signatura topográfica completa Inventario Date last seen Tipo de ítem Koha
      Biblioteca ESET - UNQ Biblioteca ESET - UNQ CIRCULACION 13/06/2022   371 / EDU 39496 21/06/2022 Libros

ESET UNQ

☏ 4365-7188
 Avenida República de Francia 1714 entre Doctor Kenny y Concordia, Ezpeleta, Bs As.
✉ secretaria_eset@unq.edu.ar

Con tecnología Koha